Movies Quiz

Random Movies or Superhero Quiz

Collider's 50 Best Superhero Movies Quiz Stats

 Plays Quiz not verified by Sporcle

Score 0/50 Timer 10:00
8 Plays Today
% Correct
Iron Man 3
97.2%
Thor: The Dark World
96.6%
The Incredible Hulk
95.6%
Teenage Mutant Ninja Turtles
95.5%
Avengers: Age of Ultron
95.5%
Thor
95.4%
Power Rangers
95.2%
Guardians of the Galaxy Vol. 2
95.1%
Doctor Strange
94.4%
X-Men
94.3%
Iron Man
94.2%
Hellboy
94%
Wonder Woman
93.9%
Spider-Man 2
93.7%
Superman
93.7%
Man of Steel
93.6%
The Incredibles
93.6%
Guardians of the Galaxy
93.5%
The Avengers
93.5%
Spider-Man
93.4%
Batman
93.4%
Ant-Man
93.3%
Deadpool
93.1%
Hellboy II: The Golden Army
92.7%
Captain America: The First Avenger
92.6%
% Correct
The Amazing Spider-Man
92.5%
Captain America: Civil War
90.6%
Blade II
90.6%
Captain America: The Winter Soldier
90.6%
The Dark Knight
90.4%
The Dark Knight Rises
90%
Blade
89.6%
V for Vendetta
88%
Kick-Ass
88%
Logan
86.6%
Batman Returns
85.6%
Spider-Man: Homecoming
85.4%
The LEGO Batman Movie
84.4%
X-Men: First Class
82.3%
Watchmen
81.7%
Big Hero 6
81.6%
X-Men: Days of Future Past
79.7%
Batman Begins
78%
X2: X-Men United
75.1%
The Crow
74.6%
Dredd
69.4%
Superman II
69%
Unbreakable
63%
The Rocketeer
57.5%
Chronicle
38%

You're not logged in!

Compare scores with friends on all Sporcle quizzes.
OR
Log In

You Might Also Like...

Show Comments

Extras

Top Quizzes Today


Score Distribution

Your Account Isn't Verified!

In order to create a playlist on Sporcle, you need to verify the email address you used during registration. Go to your Sporcle Settings to finish the process.

Report this User

Report this user for behavior that violates our Community Guidelines.

Details: